HUMAN PHYSIOLOGY -VOL-1 (Record no. 8064)

MARC details
000 -LEADER
fixed length control field 00477nam a22001817a 4500
005 - DATE AND TIME OF LATEST TRANSACTION
control field 20230110111343.0
008 - FIXED-LENGTH DATA ELEMENTS--GENERAL INFORMATION
fixed length control field 221216b |||||||| |||| 00| 0 eng d
020 ## - INTERNATIONAL STANDARD BOOK NUMBER
ISBN 978-93--88902-71-1
041 ## - LANGUAGE CODE
Language code of text/sound track or separate title eng
082 ## - DEWEY DECIMAL CLASSIFICATION NUMBER
Classification number 612 CHA-H
100 ## - MAIN ENTRY--AUTHOR NAME
Personal name CHATTERJEE'S ,CC
245 ## - TITLE STATEMENT
Title HUMAN PHYSIOLOGY -VOL-1
250 ## - EDITION STATEMENT
Edition statement 13th ed.
260 ## - PUBLICATION, DISTRIBUTION, ETC. (IMPRINT)
Place of publication NEW DELHI
Name of publisher CBS PUBLISHERS & DISTRIBUTORS
Year of publication 2020
300 ## - PHYSICAL DESCRIPTION
Number of Pages 588;P. -I 10
650 ## - SUBJECT ADDED ENTRY--TOPICAL TERM
Topical Term PHARMACY
General subdivision D.PHARMA
942 ## - ADDED ENTRY ELEMENTS (KOHA)
Koha item type Books
Holdings
Lost status Damaged status Collection code Home library Current library Shelving location Date acquired Source of acquisition Cost, normal purchase price Full call number Accession Number Koha item type
    PHARMACY JRU Library JRU Library SHELF-28-B 19/10/2022 LOHIA BOOK INTERNATIONAL 950.00 612-CHA-H 26932 Books
    PHARMACY JRU Library JRU Library SHELF-28-B 19/10/2022 LOHIA BOOK INTERNATIONAL 950.00 612-CHA-H 26933 Books